Qué se sabe de...La espiritualidad bíblica.

Saved in:
Bibliografiske detaljer
Hovedforfatter: Aizpurúa Donazar, Fidel (autor)
Format: Ukendt
Udgivet: Navarra, España: Verbo Divino, 2009.
Serier:Qué se sabe de...
Fag:
Tags: Tilføj Tag
Ingen Tags, Vær først til at tagge denne postø!

MARC

LEADER 00000 a2200000 4500
003 CL-VaPUC
005 20250107164552.0
008 241218t2009 ||||| |||| 00| 0 eng d
999 |c 445739  |d 445737 
020 |a 978-84-8169-952-4 
040 |c Pontificia Universidad Católica de Valparaíso 
082 |2 22  |a 248 AIZ 2009 
100 |a Aizpurúa Donazar, Fidel   |9 885670  |e autor 
245 |a Qué se sabe de...La espiritualidad bíblica. 
260 |a Navarra, España:  |b Verbo Divino,  |c 2009. 
300 |a 324 páginas. 
490 |a Qué se sabe de...  |n  2. 
583 |k Yessy Díaz Vidal   |c 20241218 
650 0 |9 267331  |a Espiritualidad   |x Biblia  |x Iglesia Católica 
650 0 |9 267331  |a Espiritualidad   |x Teología cristiana 
942 |2 ddc  |c BK 
952 |0 0  |1 0  |2 ddc  |4 0  |6 248_000000000000000_AIZ_2009  |7 0  |8 A  |9 598751  |a BIBTEO  |b BIBTEO  |d 2024-12-17  |e 8  |g 18900.00  |i 5663709  |l 1  |o 248 AIZ 2009  |p 5663709  |r 2025-03-03  |s 2025-01-22  |t 1  |v 18900.00  |w 2024-12-17  |y BK  |k ICR